000 00268nam a22001217a 4500
008 170406b xxu||||| |||| 00| 0 eng d
041 _aeng
080 _a575
100 _a9
101 _aSHM
245 _aCLINICS IMUNOLOGY AND ALLEGRY
_cCAPRON.R.G
942 _2udc
_cBK
999 _c9982
_d9982